000 01126nam0a22003371 4500
001 v19\rc\1789718
005 20250619075716.0
035 _a(NLR Aleph) 004881548
090 _a5175427
_c5175427
100 _a20061204d1905 |||y0rusy50 ca
101 1 _arus
_cfre
102 _aRU
105 _ay z |||a|
200 1 _aБлаготворительность
_e[Рассказ]
_fГези
210 _aРостов-на-Дону
_c"Дон. речь" Н. Парамонова
_d1905
215 _a14 с.
_d21
300 _aНа обл. номер изд.: № 132
300 _aПер. также под загл.: Торговка счастьем
451 0 _12001#$aТорговка счастьем
_tТорговка счастьем
700 1 _7ca
_8rus
_aГези
_bП.
_f1834-1915
_gПоль
_9163577
_3RU\NLR\AUTH\770163621
801 0 _aRU
_bNLR
_gpsbo
801 0 _aRU
_bRuMoRGB
_2psbo
801 1 _aRU
_bProSoft-M
_2rusmarc
852 _aNLR
_j34.50.6.521
899 _aRuMoRGB
_jA 287/241
899 _aRuMoRGB
_jМК
899 _aБАН
899 _aГПИБ
942 _cBOOK
980 _aNB